Marketingový samovýskum ako metóda

Ohlas na článok M. Timorackého /Stratégie, č.á/2003, s. 16-17/ Značky po slovensky. Kritika článku.

Salvato in:
Dettagli Bibliografici
Autore principale: Minár, Pavol
Natura: Capitolo di libro
Lingua:slovacco
Soggetti:
Tags: Aggiungi Tag
Nessun Tag, puoi essere il primo ad aggiungerne!!

MARC

LEADER 00000naa$a2200000$$$4500
001 0002305
005 20231003080309.8
041 0 |a slo 
044 |a SK 
245 1 0 |a Marketingový samovýskum ako metóda  |c aut. Pavol Minár 
520 |a Ohlas na článok M. Timorackého /Stratégie, č.á/2003, s. 16-17/ Značky po slovensky. Kritika článku. 
610 2 0 |a značky výrobkov 
610 2 0 |a značky výrobné 
610 2 0 |a Slovensko 
610 2 0 |a marketing 
100 1 |a Minár, Pavol